| 000 | 01867nam a2200385 c 4500 | ||
|---|---|---|---|
| 003 | BLK | ||
| 005 | 20230120163909.0 | ||
| 008 | 180410b bul|||||r ||||||| ||bul|| | ||
| 010 | _aKNG00171463000 | ||
| 020 |
_a978-954-398-305-6 _bиздат.: Труд |
||
| 040 | _aBLK | ||
| 041 |
_aBUL _cBUL |
||
| 072 | 7 |
_2bullib _aН83 _xЧужда художествена литература Н |
|
| 080 |
_aНемска литература _b821.112.2 _x-31(082) _z821.112.2-31(082) |
||
| 700 | 1 |
_aРайновски, Горан Асенов _eпрев. _9114722 |
|
| 700 | 1 |
_aСартена, Юлиане _e* _9119052 |
|
| 700 | 1 |
_aХейдън, Сандра _e* _9335748 |
|
| 700 | 1 |
_aТанек, Каролине _e* _9127597 |
|
| 700 | 1 |
_aГрегор, Нина _e* _9382004 |
|
| 139 |
_aИскам да вярвам в чудеса _bИ 92 |
||
| 245 | 1 | 0 |
_aИскам да вярвам в чудеса _bСб. романи _cпрев. Горан Асенов Райновски; * Юлиане Сартена; * Сандра Хейдън; * Каролине Танек; * Нина Грегор. |
| 257 | _aDEU | ||
| 260 |
_аСофия _bТруд _c2013 _fСофия : Бет Принт |
||
| 300 |
_a327 с. _c20 см |
||
| 380 | _aX | ||
| 490 | 1 |
_aАристократичен роман _vт. 1 |
|
| 500 | _aСъдържа: Не се влюбвай в младоженеца / Юлиане Сартена. Искам да вярвам в чудеса, принцесо / Сандра Хейдън. Млада красива и отдадена на друг / Каролине Танек. Тя подготви сватбата му / Нина Грегор. | ||
| 653 | _aромани | ||
| 659 | _aН | ||
| 852 | _aЦб 272752 | ||
| 856 | 4 |
_qpdf _u |
|
| 856 | 4 |
_qpdf _u |
|
| 942 |
_cKNG _n0 _012 |
||
| 944 |
_aCR _c16.02.2015 _kВиолета_Тройчева |
||
| 944 |
_aED _c28.12.2015 _kЛюдмила_Стоянова |
||
| 999 |
_c163980 _d163980 |
||